| 000 | 00646nam a2200241Ia 4500 | ||
|---|---|---|---|
| 008 | 160803s9999 xx 000 0 und d | ||
| 020 | _a0 439079551 | ||
| 100 | _aShannon, David | ||
| 245 | 2 | _aA bad case of stripes / | |
| 245 | _cDavid Shannon. | ||
| 260 | _aNew York : | ||
| 260 | _bScholastic Inc. | ||
| 260 | _c1998 | ||
| 300 | _a30 unnumbered pages : | ||
| 300 | _bcolor illustrations ; | ||
| 300 | _c29 cm | ||
| 500 | _aOriginally published: New York : Blue Sky Press, c1998. | ||
| 650 | _aIndividuality -- | ||
| 650 | _aPopularity -- | ||
| 650 | _xJuvenile fiction. | ||
| 650 | _xJuvenile fiction. | ||
| 700 | _a540 | ||
| 999 |
_c298976 _d298976 |
||